| 000 | 00647 a2200169 4500 | ||
|---|---|---|---|
| 003 | Nust | ||
| 005 | 20230705093147.0 | ||
| 040 | _cNust | ||
| 082 | _a510,HAL | ||
| 100 |
_aHall.H.S _939106 |
||
| 245 |
_aAn Elementary Course of mathematics : _bArthmetic Algebra and Geometry / _cH.S Hall and F.H Stevens |
||
| 260 |
_aLondon _bMacmillan and co: _c1944 |
||
| 300 | _a130:P | ||
| 505 | _aArithmetic (Page-1), Algebra (Page-1), Geometry Part 1 (Page-1),Triangles (Page-16), Parallels (Page-35), Parallelograms (Page-56), Practical Geometry Problems (Page-69), Loci (Page-91), Part II Areas (Page-99). | ||
| 650 | _amathematics | ||
| 942 |
_2ddc _cBKB |
||
| 999 |
_c179973 _d179973 |
||